Algunas investigaciones centroamericanas

Presenta primeramente las tesis doctorales sobre temas relacionados con Guatemala en que se han realizado en universidades de Estados Unidos, la lista llega a 23 tesis las cuales se distribuyen en diferentes campos como Antropología, Educación, Geología, Geografía, Historia y Lengua y Literatura. Lu...

Ful tanımlama

Kaydedildi:
Detaylı Bibliyografya
Materyal Türü: Metin
Dil:Spanish
Konular:
Etiketler: Etiketle
Etiket eklenmemiş, İlk siz ekleyin!

MARC

LEADER 00000 a a2200000 04500
001 813
003 cru CRAI/IIS
005 20210625102416.0
008 210625b |||||||| |||| 00| 0 spa d
040 |c cru CRAI/IIS 
245 |a Algunas investigaciones centroamericanas  
500 |a Colección Centroamérica 
520 |a Presenta primeramente las tesis doctorales sobre temas relacionados con Guatemala en que se han realizado en universidades de Estados Unidos, la lista llega a 23 tesis las cuales se distribuyen en diferentes campos como Antropología, Educación, Geología, Geografía, Historia y Lengua y Literatura. Luego se contúa con las tesis que se han presentado hasta 1972 en la Facultad de Ciencias Económicas de la Universidad Nacional Autónoma de Honduras las investigaciones en la Universidad Nacional Autónoma de Nicaragua (UNAM), las investigaciones y publicaciones del Instituto Interamericano de Ciencias Agrícolas además las publicaciones del Instituto de Nutrición de Centroamérica y Panamá (INCAP), ubicado en la capital guatemalteca. Para finalizar con algunas reseñas bibliográficas del indice histórico español. LOB/LOB  
650 |a INVESTIGACION  
650 |a PAISES EN DESARROLLO  
650 |a CIENCIAS SOCIALES  
650 |a ENSEÑANZA SUPERIOR  
650 |a UNIVERSIDADES  
650 |a PUB.IIS  
773 |g número 1; páginas 391-406  
773 0 |0 18765  |9 5849  |a Universidad de Costa Rica.  |d San José, Costa Rica: Editorial Universidad de Costa Rica, 1974-  |o MFN: 8499  |t Anuario de Estudios Centroamericanos /  |x 03777316 
942 |2 ddc  |c PP 
999 |c 27875  |d 27875